| 000 | 00351nam a22001337a 4500 | ||
|---|---|---|---|
| 005 | 20241209154132.0 | ||
| 008 | 241209b |||||||| |||| 00| 0 eng d | ||
| 020 | _a0030139198 | ||
| 050 | _aQH308 TOW | ||
| 245 | _aModern Biology | ||
| 260 |
_aAustin _bHolt, Rinehart & Winston Inc. _c1989 |
||
| 300 |
_axv.880p. _bill. color _c25.5cm |
||
| 942 |
_2lcc _cBK _n0 |
||
| 999 |
_c2007 _d2007 |
||